Statystyki dla 30 najpąteżniejszych armi świata 2023

Kliknij tutaj aby rozwiązać quiz!

Ogólne statystyki

  • Ten quiz został rozwiązany 37 razy
  • Średni wynik to 28 z 30

Statystyki odpowiedzi

Odpowiedź% Poprawnych
Brazylia
100%
Chiny
100%
Francja
100%
grecja
100%
Indie
100%
izrael
100%
Japonia
100%
kanada
100%
korea południowa
100%
Niemcy
100%
Polska
100%
Rosja
100%
ukraina
100%
Usa
100%
Wielka Brytania
100%
Arabia Saudyjska
97%
Australia
97%
Hiszpania
97%
indonezja
97%
Pakistan
97%
Turcja
97%
argentyna
94%
iran
94%
egipt
92%
wietnam
92%
Włochy
89%
tajlandia
83%
Tajwan
72%
singapur
69%
algeria
56%

Rozkład punktacji

Percentyl według liczby udzielonych odpowiedzi

Procent ludzi z każdym wynikiem

Twoja historia wyników

Nie rozwiązałeś tego quizu